Donación, legítima y prescripción adquisitiva (Registro nro. 31973)
[ vista simple ]
| 000 -LEADER | |
|---|---|
| fixed length control field | 00349 a2200109 4500 |
| 001 - CONTROL NUMBER | |
| control field | ART_54423 |
| 005 - DATE AND TIME OF LATEST TRANSACTION | |
| control field | 20260410162009.0 |
| 008 - FIXED-LENGTH DATA ELEMENTS--GENERAL INFORMATION | |
| fixed length control field | 260409a |
| 100 1# - MAIN ENTRY--PERSONAL NAME | |
| Personal name | Fossaceca, Carlos Alberto (h) |
| 245 10 - TITLE STATEMENT | |
| Title | Donación, legítima y prescripción adquisitiva |
| 773 0# - HOST ITEM ENTRY | |
| Title | Temas de derecho civil |
| Related parts | - Año 7, N° 10 (oct. 2021) |
| Record control number | REV34778 |
No hay ítems disponibles.